| 000 | 00487nam a2200181Ia 4500 | ||
|---|---|---|---|
| 001 | 11324 | ||
| 005 | 20260306162819.0 | ||
| 008 | 260306t2017||||xx |||||||||||||| ||spa|| | ||
| 041 | _aESP | ||
| 082 |
_a985.03 _bS16 |
||
| 100 |
_aSaito, Akira _eAUT |
||
| 245 | 0 |
_aReducciones: _bla concentración forzada de las poblaciones indígenas en el Virreinato del Perú |
|
| 260 | _c2017 | ||
| 300 |
_a678 páginas : _c24 cm. |
||
| 650 | _aGEN | ||
| 654 | _aCHU | ||
| 942 |
_cLIB _dJUS _fJUS _2ddc _n |
||
| 999 |
_c11324 _d11324 |
||